<?xml version="1.0" encoding="UTF-8"?>
<collection xmlns:xsi="http://www.w3.org/2001/XMLSchema-instance" xsi:schemaLocation="http://www.loc.gov/MARC21/slim http://www.loc.gov/standards/marcxml/schema/MARC21slim.xsd" xmlns="http://www.loc.gov/MARC21/slim">
 <record>
  <leader>00000cam a22000004a 4500</leader>
  <controlfield tag="001">UP-99796217610319150</controlfield>
  <controlfield tag="003">Buklod</controlfield>
  <controlfield tag="005">20120516162241.0</controlfield>
  <controlfield tag="006">a     r    |||| u|</controlfield>
  <controlfield tag="007">ta</controlfield>
  <controlfield tag="008">120516s2011    xx     d     r    |||| u|</controlfield>
  <datafield tag="035" ind1=" " ind2=" ">
   <subfield code="a">(iLib)UPD-00184904528</subfield>
  </datafield>
  <datafield tag="040" ind1=" " ind2=" ">
   <subfield code="a">DEDUC</subfield>
  </datafield>
  <datafield tag="041" ind1="0" ind2=" ">
   <subfield code="a">eng</subfield>
  </datafield>
  <datafield tag="042" ind1=" " ind2=" ">
   <subfield code="a">DMLUC</subfield>
  </datafield>
  <datafield tag="090" ind1=" " ind2=" ">
   <subfield code="a">LC 1200</subfield>
   <subfield code="b">I58 2008</subfield>
  </datafield>
  <datafield tag="111" ind1="2" ind2=" ">
   <subfield code="a">International Conference on Education</subfield>
   <subfield code="n">(48th</subfield>
   <subfield code="d">2008</subfield>
   <subfield code="c">Geneva)</subfield>
  </datafield>
  <datafield tag="245" ind1="1" ind2="0">
   <subfield code="a">Interregional and regional perspectives on inclusive education</subfield>
   <subfield code="b">follow-up of the 48th session of the International Conference on Education, [Geneva, Switzerland, 25-28 November 2008]</subfield>
   <subfield code="c">editors, Clementina Acedo ... [et al.].</subfield>
  </datafield>
  <datafield tag="264" ind1=" " ind2="1">
   <subfield code="a">Paris</subfield>
   <subfield code="b">United Nations Educational, Scientific and Cultural Organization</subfield>
   <subfield code="c">2011.</subfield>
  </datafield>
  <datafield tag="300" ind1=" " ind2=" ">
   <subfield code="a">134 p.</subfield>
  </datafield>
  <datafield tag="500" ind1=" " ind2=" ">
   <subfield code="a">Published jointly with International Bureau of Education.</subfield>
  </datafield>
  <datafield tag="505" ind1="0" ind2=" ">
   <subfield code="a">Interregional discussions around inclusive curricula in light of the 48th session of the International Conference on Education / by R. Opertti, J. Brady and L. Duncombe -- Inclusive assessment for promoting the development of students' competencies / by H. Labate -- The basic education in Africa programme from the perspective of inclusive education / by L. Ji and O. Bégin-Caouette -- Inclusive schools as a vehicle for change in the Arab states / by J. Brady, N. Harb and A. Bubshait -- Moving towards inclusive education systems in the Asia-Pacific region / by S. Shaeffer and J. Lindeberg -- Broadening the concept of inclusive education in the Commonwealth of Independent States / by I. Zagoumennov -- Inclusive education--diversity across European countries / by V. Donnelly, C. Meijer and A. Watkins -- Inclusive education, paradigm shifts and renewed agendas in Latin America / by M. Amadio and R. Opertti.</subfield>
  </datafield>
  <datafield tag="650" ind1=" " ind2="0">
   <subfield code="a">Inclusive education</subfield>
   <subfield code="v">Congresses.</subfield>
  </datafield>
  <datafield tag="700" ind1="1" ind2=" ">
   <subfield code="a">Acedo, Clementina.</subfield>
  </datafield>
  <datafield tag="905" ind1=" " ind2=" ">
   <subfield code="a">FO</subfield>
  </datafield>
  <datafield tag="950" ind1=" " ind2=" ">
   <subfield code="a">Meeting document</subfield>
  </datafield>
  <datafield tag="852" ind1="0" ind2=" ">
   <subfield code="a">UPD</subfield>
   <subfield code="b">DEDUC</subfield>
   <subfield code="h">LC 1200</subfield>
   <subfield code="i">I58 2008</subfield>
  </datafield>
  <datafield tag="942" ind1=" " ind2=" ">
   <subfield code="a">Book</subfield>
  </datafield>
 </record>
</collection>
